Welcome to CU Library Online Public Access Catalogue (OPAC)

Business in context : (Record no. 9746)

MARC details
000 -LEADER
fixed length control field 00673nam a2200229 a 4500
001 - CONTROL NUMBER
control field 1600008
005 - DATE AND TIME OF LATEST TRANSACTION
control field 20260504161425.0
008 - FIXED-LENGTH DATA ELEMENTS--GENERAL INFORMATION
fixed length control field 940708s1994 nyu b 001 0 eng
020 ## - INTERNATIONAL STANDARD BOOK NUMBER
International Standard Book Number 0412484102
020 ## - INTERNATIONAL STANDARD BOOK NUMBER
International Standard Book Number 9780412484100
050 00 - LIBRARY OF CONGRESS CALL NUMBER
Classification number HD31
Item number .N384 1994
082 00 - DEWEY DECIMAL CLASSIFICATION NUMBER
Classification number 650
Edition information 20
100 1# - MAIN ENTRY--PERSONAL NAME
Personal name Needle, David.
245 10 - TITLE STATEMENT
Title Business in context :
Remainder of title an introduction to business and its environment /
Statement of responsibility, etc. David Needle.
250 ## - EDITION STATEMENT
Edition statement 2nd ed.
260 ## - PUBLICATION, DISTRIBUTION, ETC.
Place of publication, distribution, etc. London ;
-- New York :
Name of publisher, distributor, etc. Chapman & Hall,
Date of publication, distribution, etc. 1994.
300 ## - PHYSICAL DESCRIPTION
Extent xviii, 405 p. ;
Dimensions 25 cm.
440 #0 - SERIES STATEMENT/ADDED ENTRY--TITLE
Title Business in context series
650 #0 - SUBJECT ADDED ENTRY--TOPICAL TERM
Topical term or geographic name entry element Industrial management.
650 #0 - SUBJECT ADDED ENTRY--TOPICAL TERM
Topical term or geographic name entry element Business.
942 ## - ADDED ENTRY ELEMENTS (KOHA)
Source of classification or shelving scheme Library of Congress Classification
Koha item type Books
Edition 2nd edi
Suppress in OPAC No
999 ## -
-- 9746
-- 9746
Holdings
Withdrawn status Lost status Source of classification or shelving scheme Damaged status Not for loan Collection Home library Current library Shelving location Date acquired Total checkouts Full call number Barcode Date last seen Price effective from Koha item type
    Library of Congress Classification     Non-fiction Main Library (Kumasi) Main Library (Kumasi) General stacks 05/04/2026   HD31 NEE bssk00000317 05/04/2026 05/04/2026 Books
© 2023-2024 Copyright: Central University Libraries. All Rights Reserved | Created by: Mahone Tech Office